000 00837nam a2200229 a 4500
001 39783
003 BD-RjUL
005 20211209053045.0
008 160418r20141994 ||||e |||| 00| 0 d
020 _a9789840417179
_c: TK.400.00
035 _a(BD-RjUL)39896
040 _aBD-RjUL
_bben
_cBD-RjUL
041 _aben
082 _223
_a891.443
_bAZC 2014
100 _aআজাদ, হুমায়ুন
_9121924
245 1 0 _aছাপান্ন হাজার বর্গমাইল /
_cহুমায়ুন আজাদ
260 _aঢাকা :
_bআগামী প্রকাশনী,
_c১৯৯৪ [মুদ্রণ ২০১৪]
300 _a১৬৮ পৃ. ;
_c২২ সেমি.
650 _aবাংলা উপন্যাস
_9122562
650 _aBengali Fiction
_9122563
942 _2ddc
_cBK
_03
999 _c39783
_d39783